[Event "Valencia Acadar op 2nd"]
[White "Burbano Garcia, Kevin Daniel"]
[Black "Briceno Quinones, Ruben Dario"]
[Site "Valencia"]
[Round "3"]
[Result "0-1"]
[Date "2019.02.16"]
[WhiteElo "1517"]
[BlackElo "2123"]
[PlyCount "110"]
[EventDate "2019.02.16"]
[EventType "swiss"]
[EventRounds "5"]
[EventCountry "VEN"]
[SourceTitle "EXT 2020"]
[Source "ChessBase"]
[SourceDate "2019.10.17"]
[SourceVersion "1"]
[SourceVersionDate "2019.10.17"]
[SourceQuality "1"]

1. e4 c5 2. Nf3 g6 3. d4 Bg7 4. c3 cxd4 5. cxd4 Nf6 6. Nc3 d5 7. Bb5+ Bd7 8. e5 Ne4 9. Bxd7+ Qxd7 10. 0-0 Nxc3 11. bxc3 0-0 12. Rb1 Rc8 13. Qb3 b6 14. Ba3 Nc6 15. Qb5 Rc7 16. Rfc1 Bh6 17. Rc2 a6 18. Qd3 b5 19. Bc5 Nd8 20. Bb6 Rc6 21. Bxd8 Rxd8 22. Re1 Qf5 23. Qxf5 gxf5 24. Rb1 Rdc8 25. Rb3 Rc4 26. a3 e6 27. Ne1 a5 28. Rxb5 Rxc3 29. Rc5 R3xc5 30. dxc5 Kf8 31. Kf1 Ke8 32. Ke2 Kd7 33. Nd3 Kc6 34. Rb2 d4 35. Rb6+ Kd5 36. Rb5 Ra8 37. Rb7 Bf8 38. Rxf7 Bxc5 39. Rd7+ Kc6 40. Nxc5 Kxc5 41. Rxh7 Rb8 42. Rc7+ Kd5 43. Rc2 Kxe5 44. g3 Ke4 45. h4 f4 46. g4 Rb3 47. h5 Rh3 48. Rd2 f3+ 49. Kd1 Rh4 50. Kc2 Rxg4 51. Kb3 Rh4 52. Kc4 e5 53. Kb5 Rxh5 54. Kxa5 d3 55. Kb4 Kd4 0-1